Mcgraw-Hill's I.V. Drug Handbook / (Record no. 16049)
[ view plain ]
| 000 -LEADER | |
|---|---|
| fixed length control field | 02003cam a22004214a 4500 |
| 001 - CONTROL NUMBER | |
| control field | 15350038 |
| 005 - DATE AND TIME OF LATEST TRANSACTION | |
| control field | 20100809142337.0 |
| 008 - FIXED-LENGTH DATA ELEMENTS--GENERAL INFORMATION | |
| fixed length control field | 080627s2009 nyua bf 001 0 eng |
| 010 ## - LIBRARY OF CONGRESS CONTROL NUMBER | |
| LC control number | 2008028899 |
| 016 7# - NATIONAL BIBLIOGRAPHIC AGENCY CONTROL NUMBER | |
| Record control number | 101477637 |
| Source | DNLM |
| 020 ## - INTERNATIONAL STANDARD BOOK NUMBER | |
| International Standard Book Number | 0071548637 |
| 020 ## - INTERNATIONAL STANDARD BOOK NUMBER | |
| International Standard Book Number | 9780071548632 (pbk. : alk. paper) |
| 035 ## - SYSTEM CONTROL NUMBER | |
| System control number | (OCoLC)233261148 |
| Canceled/invalid control number | (OCoLC)232314129 |
| 035 ## - SYSTEM CONTROL NUMBER | |
| System control number | (OCoLC)ocn233261148 |
| 040 ## - CATALOGING SOURCE | |
| Original cataloging agency | DNLM/DLC |
| Transcribing agency | DLC |
| Modifying agency | NLM |
| -- | YDXCP |
| -- | BAKER |
| -- | C#P |
| -- | CDX |
| -- | DLC |
| 042 ## - AUTHENTICATION CODE | |
| Authentication code | pcc |
| 050 00 - LIBRARY OF CONGRESS CALL NUMBER | |
| Classification number | RM170 |
| Item number | .S38 2009 |
| 082 00 - DEWEY DECIMAL CLASSIFICATION NUMBER | |
| Classification number | 615.6 |
| Edition number | 22 |
| Item number | SCH |
| 100 1# - MAIN ENTRY--PERSONAL NAME | |
| Personal name | Schull, Patricia Dwyer. |
| 9 (RLIN) | 27233 |
| 245 10 - TITLE STATEMENT | |
| Title | Mcgraw-Hill's I.V. Drug Handbook / |
| Statement of responsibility, etc | Patricia Dwyer Schull. |
| 246 30 - VARYING FORM OF TITLE | |
| Title proper/short title | I.V. drug handbook |
| 260 ## - PUBLICATION, DISTRIBUTION, ETC. (IMPRINT) | |
| Place of publication, distribution, etc | New York : |
| Name of publisher, distributor, etc | McGraw-Hill Medical, 2009 |
| Date of publication, distribution, etc | c2009. |
| 300 ## - PHYSICAL DESCRIPTION | |
| Extent | xvii, 734 p. : |
| Other physical details | col. ill. ; |
| Dimensions | 22 cm. |
| 504 ## - BIBLIOGRAPHY, ETC. NOTE | |
| Bibliography, etc | Includes bibliographical references (p. 710-711) and index. |
| 650 #0 - SUBJECT ADDED ENTRY--TOPICAL TERM | |
| Topical term or geographic name as entry element | Intravenous therapy |
| Form subdivision | Handbooks, manuals, etc. |
| 9 (RLIN) | 27234 |
| 650 #0 - SUBJECT ADDED ENTRY--TOPICAL TERM | |
| Topical term or geographic name as entry element | Drugs |
| General subdivision | Administration |
| Form subdivision | Handbooks, manuals, etc. |
| 9 (RLIN) | 27235 |
| 650 #0 - SUBJECT ADDED ENTRY--TOPICAL TERM | |
| Topical term or geographic name as entry element | Nursing |
| Form subdivision | Handbooks, manuals, etc. |
| 9 (RLIN) | 27236 |
| 650 12 - SUBJECT ADDED ENTRY--TOPICAL TERM | |
| Topical term or geographic name as entry element | Pharmaceutical Preparations |
| General subdivision | administration & dosage |
| Form subdivision | Handbooks. |
| 9 (RLIN) | 27237 |
| 650 22 - SUBJECT ADDED ENTRY--TOPICAL TERM | |
| Topical term or geographic name as entry element | Infusions, Intravenous |
| Form subdivision | Handbooks. |
| 9 (RLIN) | 27238 |
| 650 22 - SUBJECT ADDED ENTRY--TOPICAL TERM | |
| Topical term or geographic name as entry element | Injections, Intravenous |
| Form subdivision | Handbooks. |
| 9 (RLIN) | 27239 |
| 653 ## - INDEX TERM--UNCONTROLLED | |
| Resource For college | |
| Arrived date list | September2011 |
| 856 41 - ELECTRONIC LOCATION AND ACCESS | |
| Materials specified | Table of contents only |
| Uniform Resource Identifier | <a href="http://www.loc.gov/catdir/toc/ecip0822/2008028899.html">http://www.loc.gov/catdir/toc/ecip0822/2008028899.html</a> |
| 856 42 - ELECTRONIC LOCATION AND ACCESS | |
| Materials specified | Contributor biographical information |
| Uniform Resource Identifier | <a href="http://www.loc.gov/catdir/enhancements/fy1011/2008028899-b.html">http://www.loc.gov/catdir/enhancements/fy1011/2008028899-b.html</a> |
| 856 42 - ELECTRONIC LOCATION AND ACCESS | |
| Materials specified | Publisher description |
| Uniform Resource Identifier | <a href="http://www.loc.gov/catdir/enhancements/fy1011/2008028899-d.html">http://www.loc.gov/catdir/enhancements/fy1011/2008028899-d.html</a> |
| 942 ## - ADDED ENTRY ELEMENTS (KOHA) | |
| Source of classification or shelving scheme | Dewey Decimal Classification |
| Item type | Book - Borrowing |
| Withdrawn status | Item status | Source of classification or shelving scheme | Damaged status | Not for loan | Vendor | Home library | Current library | Shelving location | Date acquired | Source of acquisition | Cost, normal purchase price | Serial Enumeration / chronology | Total Checkouts | Total Renewals | Full call number | Barcode | Checked out | Date last seen | Date last borrowed | Koha item type |
|---|---|---|---|---|---|---|---|---|---|---|---|---|---|---|---|---|---|---|---|---|
| Dewey Decimal Classification | Baccah | Central Library | Central Library | First floor | 18/09/2011 | 243.00 | 143 | 2 | 1 | 615.6 SCH | 000024759 | 17/09/2023 | 27/06/2022 | 27/06/2022 | Book - Borrowing |